000
00338nam a2200145Ia 4500
008
150201s2007 xx 000 0 und d
082
_a
617.7
_b
C07K
100
_a
KANSKI,JJ
245
_a
CLINICAL OPHTHALMOLOGY
250
_a
6TH
260
_b
BUTTERWORTH
_a
EDINBURGH
_c
2007
300
_a
1-931
650
_a
OPHTHALMOLOGY
942
_2
ddc
_c
BK
999
_c
423
_d
423